Angulan Automatic Subway Transport 2 Stations - Statistics

General Stats
  • This quiz has been taken 18 times
    17 since last reset
  • The average score is 17 of 24
Answer Stats
Line Station % Correct
A Fairview
89%
A Union
89%
B Union
89%
C Union
89%
A Westgate
78%
D Westgate
78%
A Broadway
67%
D Broadway
67%
A Cathedral
67%
B Eastwood
67%
B Elmbridge
67%
D Freeport
67%
B Highlands
67%
C Longstone
67%
A Oakridge
67%
B Parkside
67%
A Pinecrest
67%
D Riverfront
67%
A Southmarket
67%
B Southmarket
67%
B University
67%
D University
67%
B Crescent Hill
56%
C Newvalley
56%
No matching quizzes found
Score Distribution
Percent of People with Each Score
Percentile by Number Answered
Your Score History
You have not taken this quiz since the last reset